Tous les cantons de la Seine-et-Marne sur une carte - Statistiques

Statistiques générales
  • Ce quiz a été pris 166 fois
  • Le résultat moyen est 14 sur 23
Réponses sur la Carte
Les réponses sont colorées sur une échelle allant du rouge au vert en fonction du pourcentage des utilisateurs qui les ont devinées à leur premier essai. Vous pouvez retrouver ces pourcentages ci-dessous.
 
Statistiques - réponses
Canton % Correct
Meaux
99%
Fontainebleau
97%
Melun
97%
Provins
89%
Torcy
80%
Chelles
79%
Coulommiers
72%
Nemours
72%
Montereau-Fault-Yonne
69%
Pontault-Combault
63%
Villeparisis
52%
Lagny-sur-Marne
51%
Nangis
51%
Ozoir-la-Ferrière
51%
Mitry-Mory
47%
Savigny-le-Temple
47%
Champs-sur-Marne
44%
La-Ferté-sous-Jouarre
43%
Combs-la-Ville
41%
Claye-Souilly
40%
Saint-Fargeau-Ponthierry
31%
Serris
28%
Fontenay-Trésigny
23%
Aucun quiz correspondant
Distribution des résultats
% des personnes avec chaque résultat
Percentile par nombre de réponses
Votre historique - résultats
Vous n’avez pas pris ce quiz